[Event "IV Closed GM BCC 2021"]
[Site "Barcelona"]
[Date "2021.04.06"]
[Round "2.5"]
[White "Barseghyan, Harutyun"]
[Black "Gines Esteo, Pedro Antonio"]
[Result "0-1"]
[WhiteElo "2471"]
[BlackElo "2449"]
[Annotator "TA"]
[PlyCount "350"]
[EventDate "2021.04.05"]
[EventType "tourn"]
[EventCountry "ESP"]
[SourceTitle "playchess.com"]
[Source "ChessBase"]
[SourceQuality "1"]

{[%evp 15,350,11,19,10,16,0,5,4,22,8,21,24,15,10,52,-8,10,0,19,0,12,12,9,4,10,0,0,0,0,0,0,0,14,0,0,-14,0,-20,0,-16,-22,-46,-40,-36,0,0,0,-32,-36,-54,-33,-45,-16,-36,0,-18,0,-19,-19,-32,-3,-27,0,0,0,0,0,0,61,0,46,0,0,-70,0,0,95,0,61,53,53,-402,-423,-362,0,0,0,0,0,0,81,87,94,8,8,8,14,14,14,14,14,14,14,13,13,-841,-802,-802,8,-835,-731,-835,-793,-638,-188,-188,-181,-174,-68,-68,-68,-68,-59,-54,-40,-40,0,-59,0,-40,-40,-40,-8,-8,0,-40,-9,-40,-40,-316,-268,-283,-276,-276,-276,-276,-276,-276,-254,-254,-254,-254,-254,-254,-254,-254,-254,-254,-250,-248,-248,-234,-239,-225,-197,-126,-112,-254,-254,-250,-250,-254,-250,-112,0,-112,-112,-163,-138,-112,-112,-112,-108,-112,-106,-105,-8,-8,-8,-105,-105,-105,-105,-105,-91,-76,-76,-76,-76,-76,0,-76,0,-8,-8,-254,-254,-250,-250,-204,-8,-8,-7,-8,-8,-8,-8,-250,-250,-276,-276,-276,-276,-276,-276,-276,-276,-269,-269,-269,-268,-261,-254,-254,-254,-247,-247,-247,-247,-243,-243,-243,-239,-236,-229,-222,-214,-229,-221,-200,-167,-175,-159,-4211,-4211,-4819,-4698,-4878,-4881,-5928,-4698,-29949,-29950,-29949,-29950,-29957,-12850,-29951,-5196,-4878,-4502,-4187,-4172,-29954,-12841,-29937,-29940,-29953,-12793,-12799,-12799,-12165,-7025,-29956,-29958,-29962,-29964,-29971,-29972,-29972,-29974,-29974,-29975,-29974,-29973,-29973,-29974,-29974,-29975,-29976,-29977,-29977,-29978,-29978,-29979,-29977,-29979,-29979,-29980,-29980,-29981,-29981,-29980,-29982,-29976,-29983,-29984,-29984,-29985,-29985,-29986,-29986,-29985,-29987,-29986,-29988,-29989,-29989,-29989,-29990,-29990,-29991,-29992,-29992,-29992,-29993,-29994]} 1. d4 d5 2. Nf3 Nf6 3. c4 c6 4. e3 Bg4 5. h3 Bxf3 6. Qxf3 e6 7. Nc3 Bb4 8. Bd3 Nbd7 {8...0-0 deserves study.} 9. O-O {D11: Slav Defence: 3 Nf3 sidelines and 3...Nf6 4 e3 Bg4.} O-O 10. Qd1 dxc4 {is the legacy move (10...Qe7).} 11. Bxc4 {The position is equal.} c5 12. Ne2 {[#]} Nb6 $146 ({Predecessor:} 12... cxd4 13. Nxd4 Nb6 14. Bd3 Qd7 15. Qe2 Rfd8 16. Rd1 Rac8 17. Nb5 Kf8 18. Nxa7 Rc5 {1-0 (27) Socko,B (2646)-Sandipan,C (2637) Tromsoe 2010}) 13. Bb3 cxd4 14. Nxd4 Qe7 15. Qf3 (15. Qe2 $14) 15... Rac8 16. a3 Bd6 17. Nb5 Bb8 18. Bd2 Qd7 19. Qe2 a6 20. Nd4 e5 21. Nf3 e4 22. Nd4 Qc7 {[%csl Gb8][%cal Rc7h2]} 23. g3 Qe5 24. Kg2 h5 25. Rh1 Rfe8 26. Rad1 Qg5 27. h4 Qg6 28. Ba5 Nbd7 {[%cal Bb6d7,Bd7e5,Be5c4][%mdl 32]} 29. Rc1 Ne5 30. Rxc8 Rxc8 31. Bc3 (31. Ne6 $5) 31... Nfg4 32. Rf1 $1 Rd8 33. Bc2 Re8 34. Bb1 Nc4 35. Kh1 (35. Qxc4 $2 Nxe3+ $1 {[%mdl 512]} 36. Kh1 Nxc4 $19) (35. Ba2 $5 {[%cal Ra2c4]} Rc8 36. Bxc4 Rxc4 37. Rd1 $11 (37. Qxc4 $2 Nxe3+ {[%mdl 64] Double Attack} 38. Kh2 Nxc4 $19)) 35... Nce5 36. a4 Rd8 37. a5 Rc8 38. Nb3 Qf5 39. Nd4 Qg6 40. Nb3 f5 41. Nd4 Qf7 ({Black should try} 41... Kh7 $11) 42. Kg2 (42. Bc2 $14) 42... Re8 43. Qd1 (43. Bc2 $5 {[%cal Rc2b3]} Kh7 44. Ba4 $14) 43... Kh7 44. Kh1 (44. Qb3 $11) 44... Re7 (44... Qg6 $15) 45. Qb3 $11 Qf6 (45... Qxb3 $11 46. Nxb3 g6) 46. Ne2 (46. Ba2 $16 {Strongly threatening Qg8+.} Nf7 47. Qd5) 46... g5 ({Black should play} 46... Qg6 $11) 47. Ba2 Rg7 48. Nf4 $2 {[%mdl 8192]} gxf4 $19 49. exf4 {[#]} Qc6 $2 50. fxe5 $11 e3+ 51. Qd5 {Black must now prevent Qxc6.} Nxf2+ 52. Kg2 $1 Ne4 (52... Qg6 $1 $11 53. Qf3 Ne4 54. Qxf5 e2 55. Qxg6+ Kxg6) 53. Rxf5 $16 Rxg3+ 54. Kh2 (54. Kf1 $16 Rg7 55. Qxc6 (55. Rxh5+ Kg6 $16) 55... bxc6 56. Be1 (56. Rxh5+ Kg6 $11)) 54... Qxd5 $11 55. Bxd5 Nxc3 56. Kxg3 Nxd5 57. Rxh5+ Kg6 58. Rg5+ Kf7 59. Kf3 Ke6 60. Ke4 $2 {[%mdl 8192]} (60. h5 $11) 60... e2 $19 61. Rg1 Ne3 $2 62. Re1 $2 {[%mdl 8192]} (62. Kf3 $11) 62... Nf5 63. h5 Bxe5 64. h6 Nxh6 $2 (64... Ng3+ 65. Ke3 Kf7) 65. Rxe2 Nf5 $1 {[%cal Rf5g3] aiming for ...Ng3+.} 66. Rg2 Nd6+ (66... Ne7 $19 67. Kd3 Nc6) 67. Kd3 $15 Kd5 68. b4 $1 Nb5 69. Rg6 $1 Bd6 70. Rg5+ $1 Be5 71. Rg6 Bd6 72. Rg5+ $1 Kc6 73. Kc4 $1 Na3+ 74. Kb3 Nb5 75. Kc4 Na7 76. Rg8 Be7 77. Rg6+ $2 {[%mdl 8192]} (77. Ra8 $15 Nb5 78. Rc8+ Kd7 79. Rb8) 77... Kd7 78. Rb6 Kc7 79. Re6 Nc6 80. b5 axb5+ ({Weaker is} 80... Nxa5+ 81. Kd5 $11) 81. Kd5 Ba3 82. a6 Nb4+ 83. Kc5 Nxa6+ 84. Kxb5 Bd6 85. Rh6 Nc5 86. Rh7+ Nd7 87. Rg7 Be5 88. Rh7 Kc8 $1 89. Re7 Bf6 90. Rf7 Bd8 91. Rg7 (91. Rf5 $17) 91... Ne5 $19 92. Rh7 Nc6 $1 93. Kc5 Be7+ 94. Kb6 Bd8+ 95. Kc5 Kb8 96. Rh1 (96. Rh6 $17) 96... Kc7 97. Rh7+ Be7+ 98. Kb5 Na7+ 99. Ka5 Nc8 100. Kb5 Kd7 (100... Kb8 $1 $17 101. Rh1 Na7+ 102. Kb6 Nc8+ 103. Kb5 Bf6) 101. Rg7 $11 Kd6 102. Rg8 (102. Rf7 $11 {remains equal.}) 102... Kc7 $1 $17 103. Rg7 Kb8 $1 104. Rg8 Bd6 105. Rh8 Be5 106. Re8 Bf6 107. Rf8 Be7 (107... Bc3 {feels hotter.} 108. Rf3 Na7+ 109. Kc5 Ba5 110. Rf8+ Nc8) 108. Rg8 $1 Kc7 ({Better is} 108... Ba3 $17) 109. Rg7 $11 Na7+ 110. Ka5 $2 (110. Ka4 $1 $11 {and White has nothing to worry.}) 110... Nc6+ $19 111. Kb5 Nd4+ $1 112. Ka5 {[#]} b6+ $2 (112... Kb8 $1 $19 113. Rf7 (113. Ka4 Bc5) 113... Bc5) 113. Ka6 $11 Nc6 114. Rh7 Nb4+ 115. Kb5 Nd5 116. Rg7 $2 {Black keeps a firm grip on the game.} (116. Rh5 $1 $11 {and White stays safe.}) 116... Kb7 $1 $19 117. Ka4 Kc6 118. Rg6+ Kc5 119. Rg1 {intending Rc1+.} b5+ 120. Kb3 Nb6 121. Rh1 Nc4 122. Rh5+ Kc6 123. Kc3 Bd6 124. Kb3 Nd2+ 125. Kc3 Ne4+ 126. Kb3 Bc5 127. Rh6+ Nd6 128. Rg6 Kb6 129. Rh6 Ka5 130. Rh8 Nc4 131. Ra8+ Kb6 132. Rb8+ Kc6 133. Rc8+ Kd5 134. Rd8+ $2 (134. Kc3 $17) 134... Bd6 $1 135. Kc3 Na5 136. Ra8 b4+ 137. Kb2 Bc7 138. Rg8 Be5+ 139. Ka2 Kc4 140. Rg5 Nc6 (140... b3+ $142 141. Kb1 Kd5 142. Rg2 Nc4 143. Kc1 b2+ 144. Rxb2 Bxb2+ 145. Kb1 Kd4 146. Kc2 Bc3 147. Kb3 Nb2 148. Ka2 Kd3 149. Kb1 Kd2 150. Ka2 Kc2 151. Ka1 Bd2 152. Ka2 Nc4 153. Ka1 Kb3 154. Kb1 Na3+ 155. Ka1 Bc3#) 141. Rg8 Nd4 (141... Na7 $142 142. Kb1 b3 143. Rg5 Bd4 144. Rg2 Nb5 145. Kc1 Na3 146. Rh2 Kc3 147. Rh3+ Kb4 148. Rh2 Be3+ 149. Kd1 Kc3 150. Rh7 Nc4 151. Rh5 Nb2+ 152. Ke2 Nd3 $1 153. Kxe3 b2 154. Rh1 Nc1 155. Rh6 b1=Q 156. Rc6+ Kb2 157. Rf6 Qd3+ 158. Kf4 Ne2+ 159. Ke5 Qg3+ 160. Ke6 Nf4+ 161. Kf7 Qb3+ 162. Kf8 Qb8+ 163. Kf7 Qb7+ 164. Kg8 Qd5+ 165. Kh7 Qd3+ 166. Kh6 Qg3 167. Kh7 Qd3+ 168. Kh6 Qg3 169. Kh7 Qd3+) 142. Rc8+ Kb5 143. Re8 Nc6 144. Kb3 Bd4 (144... Na5+ $142 145. Ka2 b3+ 146. Ka3 Bd6+ 147. Kb2 Kb4 148. Kc1 Bf4+ 149. Kd1 Kc3 150. Rh8 Nc4 151. Rh7 Be3 152. Rh2 Kd3 153. Rh5 Nb2+ 154. Ke1 Kc3 155. Rh7 Nd3+ 156. Ke2 {[#]} b2 $1 157. Kxe3 b1=Q 158. Rc7+ Kb3 159. Rc8 Qg1+ 160. Kxd3 Qg6+ 161. Kd4 Qd6+ 162. Ke4 Qe6+ {[%mdl 64] Double Attack} 163. Kf3 Qxc8 164. Kf4 Kc4 165. Kg5 Kd4 166. Kf6 Ke4 167. Ke7 Ke5 168. Kf7 Kf5 169. Ke7 Qc7+ 170. Ke8 Kg6 171. Kf8 Qf7#) 145. Rg8 Na5+ 146. Kc2 Kc4 (146... b3+ $142 147. Kd2 Nc4+ 148. Kd1 Be5 149. Rg1 Kb4 150. Ke2 Na3 151. Ke3 b2 152. Kf3 Bd4 153. Rh1 Bg7 154. Kg4 Bc3 155. Kg3 Bd2 156. Kg2 Bc1 157. Rh4+ Kc5 158. Rh5+ Kd6 159. Rh4 b1=Q 160. Kh2 Qc2+ 161. Kh3 Qd3+ 162. Kh2 Nc4 163. Rh8 Bf4+ 164. Kg1 Qg3+ 165. Kh1 Qe1+ 166. Kg2 Qe2+ 167. Kg1 Be3+ 168. Kh1 Qf1+ 169. Kh2 Bf4#) 147. Rc8+ Bc5 148. Rb8 Nc6 149. Rb7 Nd4+ {Black mates.} 150. Kd2 b3 151. Rxb3 Nxb3+ 152. Ke2 Kd4 153. Kf3 Ke5 154. Kg4 Kf6 155. Kf4 Nd2 156. Kg4 Be3 157. Kg3 Kg5 158. Kh3 Ne4 159. Kh2 Kf4 160. Kg2 Kg4 161. Kh2 Kf3 162. Kh1 Ng3+ 163. Kh2 Bf2 164. Kh3 Bg1 165. Kh4 Ne4 166. Kh5 Bd4 167. Kh4 Be5 168. Kh3 Ng5+ 169. Kh4 Kf4 170. Kh5 Kf5 171. Kh4 Bf4 172. Kh5 Bg3 173. Kh6 Ne6 174. Kh5 Ng7+ 175. Kh6 Kf6 {Weighted Error Value: White=0.38/Black=0.28} 0-1

[Event "IV Closed GM BCC 2021"]
[Site "Barcelona"]
[Date "2021.04.07"]
[Round "3.1"]
[White "Gines Esteo, Pedro Antonio"]
[Black "Cuenca Jimenez, Jose Fernando"]
[Result "1/2-1/2"]
[WhiteElo "2449"]
[BlackElo "2506"]
[Annotator "TA"]
[PlyCount "102"]
[EventDate "2021.04.05"]
[EventType "tourn"]
[EventCountry "ESP"]
[SourceTitle "playchess.com"]
[Source "ChessBase"]
[SourceQuality "1"]

{[%evp 15,102,0,19,8,11,16,54,-9,-9,-9,-6,-17,-13,-13,-8,-8,-3,-15,0,-13,-19,-12,0,0,0,-6,0,-22,-22,-24,-12,0,0,0,0,0,0,-10,0,0,0,0,0,0,0,-7,-7,-7,-7,-7,-14,-22,0,0,5,6,5,-9,-10,-15,-19,-8,0,-8,-8,-8,-8,-8,-8,-70,-70,-85,-70,-70,0,0,0,0,0,0,0,0,0,0,0,0,0,0,0]} 1. d4 d5 2. c4 e6 3. Nc3 Be7 4. cxd5 exd5 5. Bf4 c6 6. e3 Bf5 7. g4 Be6 8. h4 Nd7 9. h5 {D31: Queen's Gambit Declined: Semi-Slav without ...Nf6 (+ Marshall Gambit and Noteboom) and Exchange Variation lines without ...Nf6.} Nh6 10. Be2 f5 11. Bxh6 (11. Qb3 $14) 11... gxh6 $11 12. gxf5 Bxf5 13. Bg4 Bxg4 14. Qxg4 {[#]} Nf6 $146 ({Predecessor:} 14... Rf8 15. Nh3 Bf6 16. Nf4 Rf7 17. Ne6 Qc8 18. Qg3 Nf8 19. Nc5 Qf5 20. O-O-O O-O-O {1-0 (36) Sowray,P (2341)-Rogers,T (1968) High Wycombe 2013}) 15. Qh3 Qd7 16. Nf3 Rg8 17. Ke2 Qxh3 18. Rxh3 Bd6 19. Nh4 Kf7 20. Nf5 Bf8 21. Rc1 Ke6 22. Ng3 Bd6 23. f4 Rg4 24. Kf3 Rag8 25. Nce2 Be7 26. Rhh1 Ne8 27. e4 dxe4+ $1 28. Nxe4 Nf6 29. Nf2 R4g7 30. Rce1 Bb4 31. Reg1 Rxg1 32. Nxg1 Rd8 33. Ne2 Rd5 34. Nd3 Bf8 35. Ne5 c5 36. dxc5 Bxc5 37. Re1 Rd2 ({Not} 37... Nxh5 $2 38. Nc3 $18) 38. a3 a5 ({But not} 38... Rxb2 $2 39. Nd3 $18) (38... a6 {looks sharper.} 39. Nc4 Rd3+ 40. Kg2 Kd5 41. Na5 Bd4) 39. b4 axb4 40. axb4 Bxb4 41. Rb1 Nd5 {[#] Threatens to win with ...Rxe2!} 42. Ng3 (42. Rb3 $1 $11) 42... Ra2 $15 43. Nc4 Rc2 44. f5+ Kf6 (44... Ke7 $1 $15 45. Ke4 Nc3+ 46. Kd3 Nxb1 47. Kxc2 Nc3) 45. Ne3 $11 {The position is equal.} Nxe3 46. Rxb4 Nxf5 {[#] aiming for ...Rc3+. KRN-KRN} 47. Ne4+ Ke6 {Strongly threatening ...b5!} 48. Rxb7 Rh2 49. Rb6+ Ke5 50. Rb5+ Ke6 {And now ...Nd4+ would win.} 51. Rb6+ Ke5 {Weighted Error Value: White=0.08/Black=0.06} 1/2-1/2

[Event "IV Closed GM BCC 2021"]
[Site "Barcelona"]
[Date "2021.04.07"]
[Round "3.2"]
[White "Ayats Llobera, Gerard"]
[Black "Barseghyan, Harutyun"]
[Result "1/2-1/2"]
[WhiteElo "2403"]
[BlackElo "2471"]
[Annotator "TA"]
[PlyCount "80"]
[EventDate "2021.04.05"]
[EventType "tourn"]
[EventCountry "ESP"]
[SourceTitle "playchess.com"]
[Source "ChessBase"]
[SourceQuality "1"]

{[%evp 18,80,0,0,84,80,84,0,0,0,0,0,121,122,137,121,281,268,227,237,188,75,83,37,77,77,77,77,18,22,13,22,77,77,77,61,104,104,104,104,104,104,104,104,104,104,104,104,104,104,104,104,104,104,104,68,75,50,50,50,50,50,50,50,50]} 1. e4 e6 2. d4 d5 3. Nc3 Bb4 4. e5 Ne7 5. a3 Bxc3+ 6. bxc3 c5 7. Qg4 O-O 8. Bd3 Nbc6 9. Bg5 Qa5 10. Ne2 Qa4 {10...cxd4 is becoming the main line. C18: French: 3 Nc3 Bb4: Main line: 7 h4 and 7 Qg4.} (10... Re8 $11 {keeps the balance.}) 11. f4 $16 Ng6 {[%cal Rc5d4]} 12. O-O (12. h4 $1 $16 {[%cal Rh4h5] Hoping for h5.} c4 13. Bxg6 fxg6 14. Kd2) 12... c4 $1 $11 {[%cal Rc4d3] The position is equal.} 13. Bxg6 $40 {[%mdl 128] White has some attack.} fxg6 14. f5 gxf5 (14... Rxf5 $11 15. Ng3 Qxc2 16. Nxf5 exf5) 15. Qg3 $16 Rf7 (15... Qxc2 $6 16. Nf4 $11) 16. Nf4 {[%mdl 1024] [#] White has strong compensation.} Ne7 $146 ({Much worse is} 16... Qxc2 $6 17. a4 $11) (16... a5 $16 {was called for.}) ({Predecessor:} 16... Kh8 17. Rf3 Nb8 18. Qh4 Nd7 19. Ng6+ Kg8 20. Rh3 Nf8 21. Nxf8 Rxf8 22. Qxh7+ Kf7 23. Bf6 Rg8 24. Rg3 {1-0 (24) Zeier,R (2021)-Braun,T (2057) Bayern 2017}) 17. Rf3 $18 Qe8 ({Worse is} 17... Qxc2 18. Bxe7 Rxe7 19. Qh4 $16) 18. Qh4 h6 {[#]} 19. Rg3 Kh7 $16 20. Qh5 {aiming for Bxh6!} Bd7 21. Rh3 {[%cal Rg5h6] Strongly threatening Bxh6!} Rf8 22. Bxe7 Qxe7 23. Ng6 {[%mdl 64] Double Attack} Qf7 24. Nxf8+ Rxf8 (24... Qxf8 $11 {remains equal.} 25. a4 a5) 25. Qxf7 Rxf7 $11 {[%mdl 4096] Endgame KRR-KRB} 26. a4 {[%cal Ba3a4,Ba4a5][%mdl 32]} b6 27. Kf2 g5 28. Rf3 Kg7 29. a5 b5 30. a6 Rf8 31. h4 g4 {[#] And now ...f4 would win.} 32. Rf4 $1 Rb8 33. Ke3 Rb6 34. Rff1 Kf7 35. Kd2 Ke7 36. Kc1 Kd8 37. Kb2 Kc7 {White is slightly better.} 38. Ra5 Rb8 39. Ka3 Kb6 40. Kb4 Rf8 {Weighted Error Value: White=0.11/Black=0.19} 1/2-1/2

[Event "IV Closed GM BCC 2021"]
[Site "Barcelona"]
[Date "2021.04.07"]
[Round "3.3"]
[White "Garcia Ramos, Daniel"]
[Black "Valenzuela Gomez, Fernando"]
[Result "1-0"]
[WhiteElo "2436"]
[BlackElo "2382"]
[Annotator "RC"]
[PlyCount "165"]
[EventDate "2021.04.05"]
[EventType "tourn"]
[EventCountry "ESP"]
[SourceTitle "playchess.com"]
[Source "ChessBase"]
[SourceQuality "1"]
[TimeControl "5400+30"]

1. c4 {[%emt 0:00:00]} e5 {[%emt 0:08:10]} 2. Nc3 {[%emt 0:00:00]} Bb4 {[%emt 0:00:07]} 3. Nf3 {[%emt 0:02:49]} Bxc3 {[%emt 0:00:56]} 4. dxc3 {[%emt 0:00:39]} e4 {[%emt 0:16:29]} 5. Nd4 {[%emt 0:03:43]} Nf6 {[%emt 0:00:57]} 6. Bg5 {[%emt 0:05:17]} h6 {[%emt 0:01:28]} 7. Bh4 {[%emt 0:12:11]} e3 {[%emt 0:02:45]} 8. f4 {[%emt 0:15:58]} O-O {[%emt 0:06:13]} 9. Qd3 {[%emt 0:04:14]} Re8 {[%emt 0:00:58]} 10. Nf5 {[%emt 0:06:20]} b5 {[%emt 0:00:05]} 11. cxb5 {[%emt 0:10:46]} Bb7 {[%emt 0:15:04]} 12. Nxe3 {[%emt 0:03:44]} d6 {[%emt 0:10:38]} 13. Ng4 {[%emt 0:13:56]} Nbd7 {[%emt 0:00:07]} 14. O-O-O {[%emt 0:04:52]} a6 {[%emt 0:00:24]} 15. b6 {[%emt 0:03:17]} Be4 {[%emt 0:12:58]} 16. Qd4 {[%emt 0:01:38]} Re6 {[%emt 0:02:05]} 17. Bxf6 {[%emt 0:02:27]} gxf6 {[%emt 0:00:07]} 18. f5 {[%emt 0:00:51]} Re8 {[%emt 0:00:06]} 19. Qf2 {[%emt 0:02:33]} h5 {[%emt 0:01:57]} 20. Ne3 {[%emt 0:00:59]} Kf8 {[%emt 0:03:46]} 21. Rg1 {[%emt 0:00:10]} Nxb6 {[%emt 0:04:34]} 22. Nc2 Qd7 {[%emt 0:00:32]} 23. Qd4 {[%emt 0:03:29]} Qxf5 {[%emt 0:01:38]} 24. g4 {[%emt 0:00:49]} Qg5+ {[%emt 0:06:05]} 25. Qd2 {[%emt 0:01:01]} Bxc2 {[%emt 0:01:27]} 26. Kxc2 {[%emt 0:00:18]} Nc4 {[%emt 0:01:33]} 27. Qxg5 {[%emt 0:00:20]} fxg5 {[%emt 0:00:01]} 28. Rd3 {[%emt 0:00:56]} Rab8 {[%emt 0:01:30]} 29. b3 {[%emt 0:00:24]} Ne3+ {[%emt 0:00:15]} 30. Kd2 {[%emt 0:00:12]} Nxg4 {[%emt 0:00:28]} 31. Rh3 {[%emt 0:00:57]} Nf6 {[%emt 0:00:52]} 32. Bg2 {[%emt 0:00:16]} Re5 {[%emt 0:00:35]} 33. Rf1 {[%emt 0:00:22]} Kg7 {[%emt 0:00:23]} 34. Bc6 {[%emt 0:00:47]} g4 {[%emt 0:00:39]} 35. Rd3 {[%emt 0:00:24]} Ra5 {[%emt 0:00:21]} 36. Ba4 {[%emt 0:00:47]} Ne4+ {[%emt 0:00:09]} 37. Kc2 {[%emt 0:00:05]} Nc5 {[%emt 0:00:11]} 38. Rd5 {[%emt 0:00:23]} Nb7 {[%emt 0:01:50]} 39. Rxa5 {[%emt 0:00:18]} Nxa5 {[%emt 0:00:02]} 40. Rf5 {[%emt 0:00:15]} Nb7 {[%emt 0:00:48]} 41. Bc6 {[%emt 0:01:29]} Nd8 {[%emt 0:00:31]} 42. Bd5 {[%emt 0:00:30]} c6 {[%emt 0:00:27]} 43. Bc4 {[%emt 0:00:16]} d5 {[%emt 0:00:07]} 44. Bxa6 {[%emt 0:00:24]} Ra8 {[%emt 0:00:29]} 45. Bd3 {[%emt 0:00:04]} Rxa2+ {[%emt 0:00:13]} 46. Kb1 {[%emt 0:00:04]} Rd2 {[%emt 0:01:01]} 47. Kc1 {[%emt 0:00:23]} Ra2 {[%emt 0:00:08]} 48. Rxh5 {[%emt 0:00:11]} Ra1+ {[%emt 0:01:02]} 49. Bb1 {[%emt 0:00:31]} Ne6 {[%emt 0:00:22]} 50. Rh4 {[%emt 0:01:07]} f5 {[%emt 0:00:47]} 51. Kb2 {[%emt 0:00:21]} Rxb1+ {[%emt 0:00:14]} 52. Kxb1 {[%emt 0:00:01]} Nf4 {[%emt 0:00:12]} 53. Kc2 {[%emt 0:01:15]} Nxe2 {[%emt 0:00:22]} 54. Rh5 {[%emt 0:00:21]} Kg6 {[%emt 0:00:19]} 55. Rh8 {[%emt 0:00:09]} d4 {[%emt 0:00:57]} 56. Kd3 {[%emt 0:01:09]} Nxc3 {[%emt 0:00:19]} 57. Kxd4 {[%emt 0:00:04]} Ne4 {[%emt 0:00:35]} 58. Ke5 {[%emt 0:00:30]} Nd2 {[%emt 0:00:20]} 59. b4 {[%emt 0:00:49]} Nf3+ {[%emt 0:00:24]} 60. Kf4 {[%emt 0:01:18]} Nd4 {[%emt 0:00:03]} 61. Rc8 {[%emt 0:00:31]} Kf6 {[%emt 0:00:29]} 62. Rh8 {[%emt 0:00:28]} Kg7 {[%emt 0:00:58]} 63. Rb8 {[%emt 0:00:25]} Kf6 {[%emt 0:00:25]} 64. Rb6 {[%emt 0:00:26]} Ke6 {[%emt 0:00:34]} 65. b5 {[%emt 0:00:40]} Nxb5 {[%emt 0:00:17]} 66. Rxc6+ {[%emt 0:00:02]} Nd6 {[%emt 0:00:06]} 67. Ra6 {[%emt 0:00:16]} Kd5 {[%emt 0:00:28]} 68. Ra1 {[%emt 0:00:36]} Ke6 {[%emt 0:00:12]} 69. Ra5 {[%emt 0:00:19]} Kf7 {[%emt 0:01:23]} 70. Rd5 {[%emt 0:01:11]} Ke6 {[%emt 0:00:12]} 71. Rc5 {[%emt 0:00:17]} Kf7 {[%emt 0:00:41]} 72. Ke5 {[%emt 0:00:11]} Ne4 {[%emt 0:00:33]} 73. Rc1 {[%emt 0:01:01]} Kg6 {[%emt 0:00:30]} 74. Rc8 {[%emt 0:00:39]} Nd2 {[%emt 0:00:38]} 75. Kf4 {[%emt 0:00:23]} Nf3 {[%emt 0:00:29]} 76. h3 {[%emt 0:00:31]} Ne1 {[%emt 0:01:28]} 77. hxg4 fxg4 {[%emt 0:00:12]} 78. Kxg4 {[%emt 0:00:50]} Nd3 {[%emt 0:00:18]} 79. Rc6+ {[%emt 0:00:03]} Kf7 {[%emt 0:00:11]} 80. Kf5 {[%emt 0:00:04]} Ke7 {[%emt 0:00:23]} 81. Rc4 {[%emt 0:00:04]} Nf2 {[%emt 0:00:45]} 82. Rd4 {[%emt 0:00:35]} Nh3 {[%emt 0:00:07]} 83. Kg4 {[%emt 0:00:11]} 1-0

[Event "IV Closed GM BCC 2021"]
[Site "Barcelona"]
[Date "2021.04.07"]
[Round "3.4"]
[White "Maurizzi, Marc Andria"]
[Black "Narciso Dublan, Marc"]
[Result "1-0"]
[WhiteElo "2479"]
[BlackElo "2521"]
[Annotator "TA"]
[PlyCount "113"]
[EventDate "2021.04.05"]
[EventType "tourn"]
[EventCountry "ESP"]
[SourceTitle "playchess.com"]
[Source "ChessBase"]
[SourceQuality "1"]

{[%evp 9,113,-1,52,47,66,28,44,22,31,22,29,10,40,24,46,44,40,15,22,11,31,0,21,16,12,0,-10,-15,-7,-14,46,0,24,0,0,0,0,-29,-35,-133,-91,-115,-85,-93,-73,-96,-95,-85,-90,-91,-89,-91,-81,-87,-90,-93,-73,-83,-81,-85,-68,-80,0,-60,-51,-76,-73,-79,-75,-79,-79,-74,0,0,16,46,88,0,0,-132,-103,-172,252,258,270,270,266,247,332,321,385,399,885,879,1035,993,1078,1071,1204,1191,3821,2729,29979,29980,29974,29974]} 1. d4 e6 2. c4 f5 3. Nc3 Bb4 4. Qb3 c5 {[#]} 5. dxc5 $146 ({Predecessor:} 5. a3 Bxc3+ 6. Qxc3 cxd4 7. Qxd4 Nf6 8. Nf3 Nc6 9. Qc3 O-O 10. Bg5 b6 11. e3 Bb7 12. Bxf6 Rxf6 {0-1 (24) Panelo Munoz,M (2360)-Narciso Dublan,M (2489) Sant Boi 2019}) 5... Na6 (5... Nc6 $11) 6. a3 $14 {A84: Dutch Defence: 2 c4 Miscellaneous.} Bxc5 7. Nf3 Nf6 8. e3 {White is slightly better.} b6 9. Be2 Bb7 10. Qc2 Be7 11. b4 O-O 12. O-O Nc7 13. Qb3 Qe8 14. Rd1 Qg6 15. Nh4 Qf7 16. Bb2 Rad8 17. Qc2 Nce8 18. Nf3 {Black must now prevent Ne5.} Qg6 19. Nb5 Be4 (19... a6 $11 20. Nbd4 Ne4) 20. Qd2 (20. Qb3 {seems wilder.} f4 21. Ne1 a6 22. Nd4 fxe3 23. Qxe3 Nd6 24. Ndf3) 20... f4 21. Nc3 fxe3 22. Qxe3 Ba8 23. Nh4 Qf7 24. h3 ({White should play} 24. Rd4 $15) 24... Nd6 25. Rd4 Nfe4 26. Nxe4 Nxe4 27. Nf3 Bf6 28. Rad1 Bxd4 29. Rxd4 d5 30. cxd5 exd5 31. Bd1 Rde8 32. Qd3 Qg6 33. Bc2 Kh8 34. Qd1 Rc8 {And now ...Nxf2! would win.} 35. Bb1 Qh6 (35... Qf6 $17 36. Qb3 Qf4) 36. Rd3 (36. Bxe4 $11 dxe4 37. Rd6) 36... Rc7 37. Re3 Re7 38. Bd4 Qf4 39. Qe2 Rc8 40. Qb2 h6 ({Better is} 40... Bb7 $17) 41. Ne5 $11 {Strongly threatening Ng6+.} Re6 42. Nd3 Qc7 43. Qe2 (43. f3 $16) 43... Rce8 44. Qh5 (44. Qg4 $1 $11 {keeps the balance.}) 44... Kg8 45. f3 {[#]} (45. Ba2 $17) 45... Ng3 $4 {[%mdl 8192]} (45... Qc4 $1 $19 {[%cal Rc4d4] avoids the disaster.} 46. Bb2 Nd6) 46. Qxe8+ $18 Rxe8 47. Rxe8+ Kf7 48. Re1 {Hoping for Be5.} Nh5 {[#]} 49. Ne5+ $1 Kg8 {[#]} 50. Ng6 {aiming for Re8+.} Bc6 (50... Kf7 51. Be5 Qc6) 51. Rc1 Qg3 52. Bf2 ({Not} 52. Rxc6 Qe1+ 53. Kh2 Qg3+ 54. Kh1 Qe1+ 55. Kh2 Qg3+ 56. Kh1 Qe1+ 57. Kh2 $11) 52... Qg5 53. Rxc6 d4 {[#]} 54. Bf5 $1 {[%mdl 512] Rc8+ would kill now.} Kf7 (54... Qd8 55. Rc8) 55. g4 Nf4 56. Rc7+ {[%mdl 64] Double Attack} Ke8 57. Rc8+ {Weighted Error Value: White=0.20/Black=0.40} 1-0